000 00325nam a2200133Ia 4500
008 200103s9999||||xx |||||||||||||| ||und||
040 _aIMU-MPC
082 _aColumn-33
100 _aBurghardt, H. D.
245 0 _aMachine Tool Operation
260 _bMcGraw-Hill Book Company, Inc.
_c1944
300 _axiv, 416
942 _cBK
999 _c7808
_d7808